| 000 | 00448cam a2200169ua 4500 | ||
|---|---|---|---|
| 020 | _c10.00 | ||
| 041 |
_aeng _h |
||
| 082 |
_a352.00722 _bGAI/PA |
||
| 100 | _aGaikwal, V.R . | ||
| 245 |
_aPanchayathi raj and Bureaucracy / _cV.R.Gaikwal. _hTextual Documents |
||
| 260 |
_aHyderabad : _bNational Institute of Community Development , _c1969. |
||
| 300 | _a77 ; . | ||
| 365 | _a10.00 | ||
| 504 | _a | ||
| 942 | _cBK | ||
| 999 |
_c12084 _d12084 |
||